U.S. Presidents with the Highest Scrabble Score - Statistics

General Stats
  • This quiz has been taken 127 times
  • The average score is 9 of 13
Answer Stats
Points President % Correct
27 Franklin Roosevelt
90%
30 Dwight Eisenhower
85%
33 Thomas Jefferson
82%
27 Lyndon Johnson
74%
27 Andrew Johnson
72%
30 Andrew Jackson
71%
29 John Kennedy
68%
30 Benjamin Harrison
67%
33 Zachary Taylor
64%
31 William McKinley
63%
27 James Garfield
56%
29 James Buchanan
55%
28 Rutherford Hayes
51%
No matching quizzes found
Score Distribution
Percent of People with Each Score
Percentile by Number Answered
Your Score History
You have not taken this quiz